Loading...
Poems written in early youth /
| Main Author: | |
|---|---|
| Format: | Printed Book |
| Language: | English |
| Published: |
London :
Faber & Faber,
1967.
|
| Subjects: |
| LEADER | 00462nam a2200145Ia 4500 | ||
|---|---|---|---|
| 008 | 150624b xxu||||| |||| 00| p eng d | ||
| 082 | |a 8218 | ||
| 100 | |a Eliot, T. S. | ||
| 245 | |a Poems written in early youth / |c T. S. Eliot | ||
| 260 | |a London : |b Faber & Faber, |c 1967. | ||
| 300 | |a 43 p. | ||
| 650 | |v Poetry | ||
| 942 | |c BK | ||
| 999 | |c 35406 |d 35406 | ||
| 952 | |0 0 |1 0 |2 ddc |4 0 |6 821_000000000000000_8E1_POE |7 0 |9 35405 |a UL |b UL |c ST1 |d 1998-09-24 |l 0 |o 821.8E1 POE |p 50726 |r 2012-10-27 |y BK | ||